Snap - Manifest Şarkı Sözleri/Lyrics - Statistics

General Stats
  • This quiz has been taken 92 times
  • The average score is 161 of 223
Answer Stats
Answer % Correct
alkış
96%
anca
96%
finger
96%
sen
96%
snap
96%
yok
96%
Sana
94%
sana
94%
ya
92%
outfit
88%
güzel
86%
no
86%
thanks
84%
82%
hiç
80%
şey
80%
çok
78%
kaldın?
78%
renk
78%
Affedemem
76%
affedemem
76%
bravo
76%
bye
76%
de
76%
hayır
76%
kaçma
76%
kovalamam
76%
gibi
75%
gördüm
75%
Ortada
75%
Pardon
75%
Sayende
75%
senin
75%
gibisini
73%
rollendin
73%
deneme
71%
gelmiyor
71%
gelsen
71%
New
71%
Paris
71%
sakın
71%
Sakın
71%
sandın?
71%
Sesin
71%
sesin
71%
Üzülmüş
71%
yakışanı
71%
Yanıma
71%
arka
69%
Bali
69%
çiçeklerle
69%
ettik
69%
hepsini ****
69%
her
69%
kalsın
69%
tam
69%
Telefonun
69%
yaptın
69%
yerden
69%
yetmez
69%
York
69%
gramsın
67%
hiçbir
67%
kesmez
67%
olmaz
67%
sildim
67%
unuttum
67%
Bir
65%
Sıfır
65%
Çoktan
63%
lipstick
63%
parlak
63%
şimdi
63%
Buna
61%
Geleceğinden
61%
giderek
61%
mani
61%
manifest
61%
planında
61%
sürdüm
61%
matchtik
59%
şaşırdım
59%
yakışıyo'duk
57%
yeterdin
55%
zamanlar
55%
hiçbiri
51%
la
51%
gezsem
47%
No matching quizzes found
Score Distribution
Percent of People with Each Score
Percentile by Number Answered
Your Score History
You have not taken this quiz